La pampa sumergida /
Documental acerca de la concientización de la realidad de Malvinas y el Atlántico Sur. Los recursos naturales y el peligro de la perdida de la soberanía sobre la Plataforma continental y el sector antártico.
Guardado en:
| Autor Principal: | |
|---|---|
| Formato: | |
| Materias: | |
| Etiquetas: |
Agregar Etiqueta
Sin Etiquetas, Sea el primero en etiquetar este registro!
|
| LEADER | 01055ngm a22002895g 4500 | ||
|---|---|---|---|
| 001 | CEM.cems023019 | ||
| 008 | 130507b2009##################0###0#####d | ||
| 005 | 20241204163156.0 | ||
| 245 | 1 | 0 | |a La pampa sumergida / |c Alejandro Areal Velez. |
| 300 | |a 15'. | ||
| 500 | |a Consultar en ventanilla. | ||
| 520 | |a Documental acerca de la concientización de la realidad de Malvinas y el Atlántico Sur. Los recursos naturales y el peligro de la perdida de la soberanía sobre la Plataforma continental y el sector antártico. | ||
| 538 | |a Soporte: VCD - Color: Si - Grabación DRD 2012 | ||
| 590 | |a Identificación SIABUC: DVD Nº 103 - DVD NO ENCONTRADO | ||
| 100 | 1 | |a Areal Velez, Alejandro | |
| 082 | 9 | 8 | |/ VEL |
| 653 | |a ARGENTINA | ||
| 653 | |a GEOGRAFIA | ||
| 653 | |a GEOGRAFIA ARGENTINA | ||
| 653 | |a MALVINAS | ||
| 653 | |a SOBERANIA | ||
| 653 | |a ATLANTICO SUR | ||
| 653 | |a ANTARTIDA | ||
| 653 | |a POLO SUR | ||
| 653 | |a NIVEL PRIMARIO | ||
| 653 | |a NIVEL SECUNDARIO | ||
| 859 | |a CEMS |b BIB. CEMS - Depto. Recursos Didacticos |h 918 |i ARE |k DRD |p 1662.12 |t Ej.1 | ||
